[Event "Linares 22nd"]
[Site "Linares"]
[Date "2005.02.23"]
[Round "1"]
[White "Topalov, Veselin"]
[Black "Adams, Michael"]
[Result "1-0"]
[WhiteElo "2757"]
[BlackElo "2741"]
[Annotator "Tyomkin,D"]
[PlyCount "81"]
[EventDate "2005.02.23"]
[EventType "tourn"]
[EventRounds "14"]
[EventCountry "ESP"]
[EventCategory "20"]
[SourceTitle "CBM 106"]
[Source "ChessBase"]
[SourceDate "2005.06.06"]
[SourceVersion "1"]
[SourceVersionDate "2005.06.06"]
[SourceQuality "1"]

1. d4 {This game was Veselin's first step to his triumph in Linares 2005- the
best tournament in his life.} Nf6 2. c4 e6 3. Nc3 Bb4 4. Qc2 d5 5. a3 Bxc3+ 6.
Qxc3 Ne4 7. Qc2 e5 8. e3 (8. cxd5 {1-0 Kasparov,G-Adams,M/Linares 2005/CBM
106_01 (54)}) 8... exd4 9. cxd5 Qxd5 10. Nf3 Nd6 11. Nxd4 Bd7 12. f3 Nc6 13.
Nxc6 Bxc6 14. a4 $146 {A new move but not a new idea. Atalik introduced the
idea to bring the queenside rook to the game in 1992, first playing Be2 and
only then a4. The way of Atalik seems stronger since on 14.a4 black has a
strong reply.} (14. Be2 f5 $6 (14... O-O $14) 15. a4 O-O-O 16. b4 Qe6 17. Ra3
Kb8 18. Rc3 Bd5 19. b5 (19. Rxc7 Bb3 20. Qc3 Rc8 $44) 19... g5 20. O-O g4 21.
e4 (21. fxg4 Be4 22. gxf5 Nxf5 23. Bd3 Rxd3 24. Rxd3 Rg8 25. Rf2 $16) 21...
gxf3 (21... fxe4 22. fxg4 $16 {[%cal Gc1f4]}) 22. exd5 Qxe2 23. Rfxf3 Qxc2 24.
Rxc2 $14 Rhe8 25. Bf4 Re4 26. Bxd6 cxd6 27. Rxf5 Rxa4 28. Kf2 Rd7 29. Rf8+ {
1-0 Atalik,S-Kotronias,V/Mangalia 1992/EXT 97}) 14... Qh5 $1 {This move
refutes Topalov's idea- white can't complete the development without weakening
his kingside pawn chain.} 15. Be2 {15.Bd3 is objectively stronger, but black
can reach a draw there.} (15. Bd3 Qh4+ 16. Qf2 Qb4+ 17. Qd2 Qh4+ {would lead
to a move repetition.}) 15... Qh4+ {White is forced to weaken his kingside
pawn structure with g3 move.} 16. g3 Qh3 17. Kf2 O-O-O {White lags in
development, but has some strategical advantages, like a pair of bishops
advantage as well as a pawn mass in the centre. Black must play aggresively to
exploit his advantage in development.} 18. Ra3 (18. b4 Rhe8 19. b5 Ne4+ (19...
Bd5 20. a5 Ne4+ 21. Kg1 Nxg3 {-see 19...Ne4 line;}) 20. Kg1 (20. fxe4 Bxe4 {
[%csl Rc2,Rh1]}) 20... Bd5 {[%cal Ge4g3]} 21. a5 Nxg3 22. hxg3 Qxg3+ 23. Kf1
Be6 {and black has at least a draw.}) 18... Rhe8 19. Bf1 Qe6 20. Be2 {Here
Veselin was ready for a draw (20...Qh3 would lead to a second repetition),
while Mickey has different plans for this game- black is obviously better and
has an attack on black king.} g5 $1 $17 {White doesn't have a good way to
prevent g5-g4. Veselin's position didn't look very promising at this point.
Hard to believe that white will be winning in seven moves from now without any
big blunders from black.} 21. Rf1 g4 22. fxg4 Qh6 $6 {First inaccuracy by
Mickey.} (22... Qd5 $142 23. Bd3 Kb8 (23... Re6 24. Ke1 $1) (23... Qf3+ 24. Ke1
Qxg4 25. Rc3 {with some counterplay.}) 24. Ke1 (24. Rc3 Ne4+ 25. Bxe4 Rxe4 $17)
24... Ne4 25. b4 Qe6 26. b5 Bd5 {[%cal Gc7c5] with very strong idea c5 to open
the c-file for black's attack in case of en passant.}) (22... Ne4+ 23. Kg1 Ng5
(23... h5 24. Rf4 Ng5 25. Kf1 $1) 24. h4 Ne4 25. Kh2 {and white's position is
defendable.}) 23. Kg1 Qh3 24. Bd3 Ne4 (24... Qxg4 25. Rf4 Qh5 26. Rc3 {
intending RxBc6 with sufficient counterplay.}) 25. Rf4 Nxg3 $1 26. Rc3 $1 {
[%mdl 256] With a big threat RxBc6 then Ba6 and mating attack. Despite of the
upset in the opening, Topalov continues to fight, and does it the toughest way.
} Re6 $2 {This move, which looks so logical (prevents Rxc6 threat of white as
well as white may transfer it to a kingside via 6th rank) actually loses a
game! 26...Rxd3 was the only move to keep an initiative, but white manages to
escape there anyhow.} (26... Rxd3 27. Rxd3 Rg8 {I suppose Mickey overlooked
this winning move in his calculations, but unfortunately for black it doesn't
give him more than a draw if white defends perfectly.} (27... f5 28. Rc3 Be4
29. Qf2 Rd8 30. Bd2 Nh1 31. Qe2 {and black's attack goes to nowhere.}) 28. e4
$1 {the toughest defense.} Bxe4 29. Rxg3 (29. Rxf7 Ne2+ $1 30. Kf2 Qxh2+ 31.
Ke1 {only move} Qh1+ (31... Bxd3 32. Qxd3 Qh4+ 33. Kxe2 Qxg4+ 34. Rf3 {black
has no more than perpetual check.}) 32. Kxe2 (32. Kd2 $2 Qh6+ $1 33. Kxe2 Bxd3+
34. Qxd3 Qe6+ $19) 32... Qg2+ 33. Kd1 (33. Rf2 Qxg4+ 34. Ke1 Qg1+ 35. Rf1 Qg6
36. Bf4 c6 37. Ke2 Rf8 $1 {[%cal Gg6g4]}) 33... Qxg4+ 34. Kd2 Qg5+ 35. Ke1 Qh4+
36. Qf2 Rg1+ 37. Kd2 Qxf2+ 38. Rxf2 Bxd3 39. Kxd3 Rxc1 40. Rf8+ Kd7 41. Rf7+
Kc6 42. Rxh7 Kb6 {but I am not sure that black wins here.}) 29... Qxg3+ 30.
hxg3 Bxc2 31. Rxf7 {and this ending is just a draw;}) 27. e4 $1 $18 {[%mdl 256]
with a big threat Bf1 and RxN then. Now Rc3 and Bc1 join the party, as well as
e3-e4 move restrics Bc6 and Re6 of black. Black is in serious trouble now.} Nh5
{There is simply no good way....} (27... Rxe4 28. Bf1 $1 Re1 29. Rxg3 $18) 28.
Bc4 {One more precise more by Topalov.} Qh4 29. Bxe6+ fxe6 30. gxh5 Qxh5 31.
Rd3 {White is up a rook and black doesn't have forces to attack white king.
The game is actually over.} Rg8+ 32. Rg3 Rd8 33. Be3 e5 34. Rf1 h6 35. b4 {
Veselin was in some time trouble here, but it didn't prevent him from making
good moves.} a6 36. b5 axb5 37. axb5 Bxb5 38. Rg7 c6 39. Qa2 Ba6 40. Qe6+ Kb8 {
[%tqu "En","Find the fastest way to mate black king!","look for a queen
sacrifice!","Don't give up your queen for nothing!! ;-)","e6d6","Final accord.
Mate in three is unpreventable.",5]} 41. Qd6+ $1 {Final accord. Mate in three
is unpreventable.} 1-0

[Event "Linares 22nd"]
[Site "Linares"]
[Date "2005.02.28"]
[Round "6"]
[White "Topalov, Veselin"]
[Black "Vallejo Pons, Francisco"]
[Result "1-0"]
[WhiteElo "2757"]
[BlackElo "2686"]
[Annotator "Ftacnik,L"]
[PlyCount "63"]
[EventDate "2005.02.23"]
[EventType "tourn"]
[EventRounds "14"]
[EventCountry "ESP"]
[EventCategory "20"]
[SourceTitle "CBM 106"]
[Source "ChessBase"]
[SourceDate "2005.06.06"]
[SourceVersion "1"]
[SourceVersionDate "2005.06.06"]
[SourceQuality "1"]

1. e4 c5 2. Nf3 d6 3. d4 cxd4 4. Nxd4 Nf6 5. Nc3 a6 6. Be3 e5 7. Nb3 Be7 8. f3
Be6 9. Qd2 O-O 10. O-O-O Nbd7 11. g4 b5 12. g5 b4 13. Ne2 Ne8 14. f4 a5 15. f5
a4 16. fxe6 axb3 17. exf7+ {The line with rapid advance of blacks pawns on the
queenside has become very popular.} (17. cxb3 fxe6 18. Kb1 Qa5 19. Nc1 Nc7 20.
Bh3 g6 21. Rhf1 Rxf1 22. Rxf1 Nc5 {0-1 Ivanovic,B-Djukanovic,S/Bijelo Polje
2004/ (53)}) 17... Rxf7 18. Kb1 bxc2+ 19. Kxc2 (19. Qxc2 Bxg5 20. Bxg5 Qxg5 21.
Ng3 Nb6 22. Qb3 d5 23. Qxb4 Qd8 24. Bh3 Rf6 25. exd5 {1-0 Djukic,N-Arsovic,G/
Kopaonik 2005/ (33)}) 19... Nb6 (19... Nc5 20. Ng3 Kh8 21. Bc4 Qc8 22. Kb1 Rf8
23. Rhf1 Nc7 24. Bxc5 Rxf1 25. Rxf1 dxc5 26. Rf7 Bf8 27. Rxc7 Qxc7 28. Qd5 {
1-0 Ivanovic,B-Benderac,S/Bar 2005/ (28)}) 20. Nc1 d5 21. exd5 Nd6 22. Kb1 (22.
h4 Nbc4 23. Bxc4 Nxc4 24. Qe2 Qc8 25. Kb1 Qf5+ 26. Ka1 Qe4 27. Bd2 Qxe2 28.
Nxe2 Rf2 29. Rhe1 b3 {0-1 Gross,D-Babula,V/Austria 2005/ (32)}) 22... Rf3 $6 {
[%mdl 4] Vallejo is stretching his luck too far, white is probably better with
two bishops and a spare pawn.} (22... Nbc4 $5 23. Bxc4 Nxc4 24. Qe2 Nxe3 25. g6
hxg6 26. Qxe3 Bd6 27. Rhg1 Qc8 28. Qe4 Qf5 {1/2-1/2 Czarnota,P-Bobras,P/Poznan
2005/ (31)}) 23. h4 Na4 (23... Nbc4 24. Bxc4 Nxc4 25. Qe2 Rxe3 26. Qxc4 Bd6 27.
Qg4 $14) 24. Qe2 Rg3 $2 (24... e4 25. Bd4 Nb6 26. Bg2 Rf4 27. Nb3 $16) (24...
Qf8 25. Ka1 Qf5 26. Re1 e4 27. Bg2 $16) 25. Bf2 Rc3 26. Qxe5 Nxb2 (26... Rf3
27. Bd4 Rf7 28. Bh3 $18) 27. Bd4 $1 {Topalov's control of the position becomes
overwhelming.} (27. Kxb2 Qa5 28. Kb1 Rxc1+ 29. Kxc1 Qxa2 30. Rd2 $18) 27... Bf8
(27... Nf5 28. Kxb2 Nxd4 29. Rxd4 $18) 28. Kxb2 Rf3 (28... Qa5 29. Bxc3 Qa3+
30. Kb1 bxc3 31. Rh2 Rb8+ 32. Ka1 Rb2 33. Bd3 $18) 29. Bd3 Kh8 (29... Qa5 30.
Qe6+ Rf7 (30... Kh8 31. Qh6 $18) 31. Bxh7+ Kxh7 32. g6+ $18) 30. Qe2 Rf4 (30...
Rxd3 31. Qxd3 Qc7 32. h5 $18) 31. Qh5 {White has extra piece and mating attack,
the game is over.} Nf5 32. g6 (32. g6 h6 33. Bxf5 Rxd4 34. Rxd4 Qf6 35. Rhd1
Bc5 36. Qg4 $18) 1-0

[Event "Linares 22nd"]
[Site "Linares"]
[Date "2005.03.10"]
[Round "14"]
[White "Topalov, Veselin"]
[Black "Kasparov, Garry"]
[Result "1-0"]
[WhiteElo "2757"]
[BlackElo "2804"]
[Annotator "Tyomkin,D"]
[PlyCount "59"]
[EventDate "2005.02.23"]
[EventType "tourn"]
[EventRounds "14"]
[EventCountry "ESP"]
[EventCategory "20"]
[SourceTitle "CBM 106"]
[Source "ChessBase"]
[SourceDate "2005.06.06"]
[SourceVersion "1"]
[SourceVersionDate "2005.06.06"]
[SourceQuality "1"]

{[%mdl 2] Garry knew that he is a winnner of Linares even he loses (the first
tie-break was more wins with black). As well as, Garry knew that this game is
the last in his professional chess career- Garry announced his retirement from
professional chess right after the end of this game ( this decision was not
any spontaneous,and the loss of this game didn't cause to that).} 1. e4 c5 2.
Nf3 Nc6 3. Nc3 e5 {Garry chooses a solid variation for the last round game.} 4.
Bc4 d6 5. d3 Be7 6. O-O {Garry prepared 6.Nd2 line with white for Linares 2005
and was very close to beat Leko in round 8 of the same tournament.} (6. Nd2 {
Roiz in CBM 106} Bg5 7. h4 Bxd2+ 8. Bxd2 Nf6 {That position was tested many
times on the highest level.} 9. O-O {A latest attempt to fight for the opening
advantage which connected with an idea of f2-f4.} Be6 10. f4 $146 {White
allows black to exchange the bishops,as it will make the Pd6 very vulnerable.}
Bxc4 11. dxc4 h5 $1 {A typical defensive idea in such a positions. Black
exploits a drawback of 7.h4 and gets a nice square for his knight.} 12. f5 Ng4
13. f6 {1/2-1/2 Kasparov,G-Leko,P/Linares 2005/CBM 106_01/[Roiz] (31) White
chooses a very energetical continuation. He tries to use some vulnerablity of
Ke8.}) 6... Nf6 7. Nh4 {A real surprise! This move has never been tested
before. Out of other seven tries, the 7.Ng5 is a most popular and promises
white a good play. In Dortmund 2004 Vishy tested 7.Bg5, and managed to achieve
some opening advantage, but for some reason this line hasn't gained any
popularity. The main idea of Topalov was to keep Garry out of book and his
analysis, and his strategy worked successfully in this game.} (7. Ng5 O-O 8. f4
Bg4 {After the game Kramnik,V-Grischuk,A/Wijk aaz Zee 2003 [Roiz] that move
became very popular.} 9. Qe1 exf4 {That helps white to complete his
development, but there is nothing better.} 10. Bxf4 Nd4 11. Qd2 h6 $146 {
This is a dubious novelty in my opinion, as after h7-h6 white gets excellent
attacking possibilities, using the open ''g'' file (after an exchange on f3).}
12. Nf3 Bxf3 $5 {Black tries a new concept in this common position. He keeps
his knight in the centre, trying to start a quick counterplay by b7-b5.} (12...
Nxf3+ 13. gxf3 Be6 14. Kh1 $36 {[%cal Gf1g1] - Here white's initiative is more
dangerous than in Kramnik-Grischuk, as Qd8-d7 is a quite useful move for black.
At the same time a2-a4 is obviously not white's best attacking continuation.})
13. gxf3 Qd7 14. Be3 b5 {There is no other way of counterplay-otherwise black
is just much worse.} 15. Bxd4 (15. Bd5 $5 Rae8 16. Qg2 Kh8 17. a3 $1 {[%cal
Gd5a2]} Nxd5 18. Nxd5 Nc6 19. Kh1 $14) 15... bxc4 ({The alternative was:} 15...
cxd4 $1 16. Nxb5 d5 17. exd5 Bc5 18. b4 Bb6 19. a4 Nxd5 $14 {and black has
some compensation due to weakness of white's kside, although white's chances
are preferable.}) 16. Bxf6 (16. Be3 $5 cxd3 17. Qxd3 Rfe8 18. Rad1 Rad8 19. b3
$14) 16... Bxf6 17. dxc4 Bd4+ $2 {The idea of getting counterplay by f7-f5 is
right, but black chooses a wrong redaction for that!} ({After the correct:} 
17... Rab8 $1 18. b3 (18. Rab1 $6 Qh3 $1 19. Nd5 $140 Bd4+ 20. Kh1 Rxb2 $15 {
[%csl Rf1]}) 18... Qh3 $1 19. Rae1 Bd4+ 20. Kh1 f5 21. exf5 Rxf5 22. Nb5 Rxf3
23. Rxf3 Qxf3+ 24. Qg2 Qxg2+ 25. Kxg2 Be5 $14 {white has only a small
advantage in this endgame.}) 18. Kh1 f5 19. Nd5 $1 $16 {0-1 Grischuk,
A-Cheparinov,I/Mallorca 2004/CBM 104/[Roiz,M] (39) Finally white's knight has
got an ideal spot, while the Bd4 couldn't stay in the centre too long in view
of the following c2-c3.}) (7. Bg5 $5 O-O 8. Bxf6 Bxf6 9. Nd5 Bg5 10. a3 b6 11.
b4 Bh6 12. c3 Ne7 13. bxc5 bxc5 14. Rb1 $14 {1-0 Anand,V-Leko,P/Dortmund 2004/
CBM 103 (27)}) 7... Nd4 (7... Nxe4 8. dxe4 (8. Nxe4 d5 9. Bxd5 Qxd5 10. Bg5 f6
$1 $15) 8... Bxh4 9. f4 (9. Nd5 O-O 10. f4 exf4 11. Bxf4 Ne5 {and black is
safe.}) 9... O-O 10. f5 $44 {and white has a full compensation.}) 8. g3 Bg4 (
8... Bh3 {only helps white} 9. Ng2) 9. f3 Be6 10. Bg5 Ng8 $1 {getting rid of
the bad bishop.} 11. Bxe7 Nxe7 12. f4 exf4 13. Bxe6 (13. gxf4 Qd7 {following
with 0-0-0.} 14. f5 Bxc4 15. dxc4 O-O-O {[%cal Gc6e5,Ge7c6,Gg7g6] white
kingside pawns are vulnerable.}) 13... fxe6 14. Rxf4 Kd7 $6 {Very unusual way
to connect black rooks. Both 14...Qb6 and 14...Qd7 followed with 0-0-0 would
give black at least an equal play. I believe, if no pressure of the last round
game (as well as of the last game of Garry's professional career), Garry would
choose one of those moves.} (14... Qb6 {[%cal Ge8c8]}) (14... Qd7 $11) 15. Nf3
$1 {This move wouldn't be possible in case of 14..Qb6 or 14...Qd7 since there
black had Ng6 reply.} Rf8 16. Rxf8 Qxf8 17. Nxd4 cxd4 18. Ne2 (18. Nb5 $5 Nc6
19. c3 (19. Qh5 Qe7 20. Rf1 (20. Qxh7 Qg5 {with at least a perpetual check.})
20... Rf8 21. Rxf8 Qxf8 22. Qxh7 a6 23. Na3 Ne5 {and black has a nice
compensation for a sacrificed pawn.}) 19... dxc3 20. bxc3 Qf6 21. d4 Rf8 22.
Qd2 Qf3 {and the activity of black pieces compensate the unsafe position of
black king.}) 18... Qf6 (18... Nc6 $143 19. Qd2 $1 $14 {[%cal Gb2b4,Ga1f1]} (
19. c3 Qf3 20. Nxd4 Nxd4 21. cxd4 Qe3+ 22. Kh1 Rf8 {and black is fine.})) 19.
c3 Rf8 (19... dxc3 $6 20. Qa4+ Nc6 21. Rf1 $16) 20. Nxd4 Nc6 {The game move
keeps it equal, while 20...Qf2+ line gives black at least a draw;} (20... Qf2+
21. Kh1 Nc6 (21... Rf6 $5) 22. Qg4 $1 Nxd4 23. Qxg7+ Rf7 24. Qxd4 Qxb2 {
and black is not any worse.}) 21. Qf1 Qxf1+ {I don't put a question mark to
Garry's move since I can't prove that the pawn ending is winning for white.
Although, Garry had two safe ways for a draw: 21...Qd8 and 21...Nf6.} (21...
Qd8 22. Qe2 (22. Nf3 Qb6+ 23. d4 Qxb2 24. Rb1 Qxc3 25. Rxb7+ Ke8 (25... Kd8 $5)
(25... Kc8 $2 26. Rb3 $16 {black king is vulnerable on c8;}) 26. Rb3 Qc2 27.
Qe1 $1 {in other cases black is just fine.} Qxa2 28. Qc3 Kf7 $1 29. Rb7+ Kg8
30. Qxc6 Qe2 31. Qc3 Rxf3 32. Qc8+ Rf8 33. Qxe6+ Kh8 34. Qf5 {and here black
must go for perpetual check.}) 22... Nxd4 (22... Qb6 $2 23. Qg4 $1) 23. cxd4
Qb6 24. Qe3 Qxb2 {and this position is equal.}) (21... Nxd4 22. Qxf6 Rxf6 (
22... gxf6 23. cxd4 Rc8 24. Rf1 Ke7 25. Kg2 {[%cal Gg2f3] with winning chances.
}) 23. cxd4 Rf3 24. Rd1 g5 {[%cal Gg5g4] and in view of d3 weakness, white
can't reach any progress in this ending.}) 22. Rxf1 Rxf1+ 23. Kxf1 Nxd4 24.
cxd4 d5 $2 {[%mdl 4096] Garry played this move instantly, however, if black
keeps his pawn on d6, the win of white is very doubtful. This way was
mentioned by GM Shipov, he believes that this pawn ending is winning for white
anyhow, but does not show the way. Same here...} (24... b5 25. Ke2 Ke7 (25...
a5 26. Kd2 Kc6 27. a3 (27. Kc3 b4+ 28. Kc4 d5+ 29. Kb3 Kb5 $11) 27... Kd7 (
27... b4 28. axb4 axb4 29. Ke3 Kb5 30. b3 Kc6 31. Kf4 Kd7 32. d5 $18) 28. Kc3
Kc6 {and I don't see a winning plan for white.}) 26. Kd2 Kd7 27. Kc3 Kc6 28. a4
a5 $1) (24... Ke7 25. Ke2 Kf6 (25... b5 $1) 26. Kd2 {[%cal Gd2c3,Gc3c4,Gd4d5]}
Kg5 27. e5 {! Shipov, source: www.chesspro.ru} d5 {and I don't see any chance
for white here - the white king can't go to the queenside since black's king
is just faster.}) 25. Kf2 Ke7 26. Kf3 Kf6 27. h4 $2 {[%mdl 4096] This move
loses couple of tempis, as well as gives Garry an excellent chance to save the
game!} (27. Kg4 h6 (27... g6 28. h4 $1 {leads to the game line.}) 28. Kh5 {
[%cal Gh2h4,Gg3g4,Gg4g5]} Kf7 29. g4 Kf6 30. h4 Kf7 31. g5 $18) 27... g6 $2 {
[%mdl 4096] Garry returns the favour and misses a chance to draw the game.} (
27... h6 28. Kg4 $1 (28. Kf4 g5+ 29. Kg4 Kg6 30. hxg5 (30. h5+ Kf6) 30... hxg5)
(28. h5 Kg5 29. g4 g6 30. hxg6 Kxg6 31. Kg2 Kg7 32. Kg3 Kf7 (32... Kg6 33. Kh4
$1) 33. Kf4 (33. Kh4 Kg6) 33... Kf6 $11) 28... Kg6 (28... g6 29. Kf4 (29. b4 b5
30. a3 a6 {Same position as in the game with white to move, so white can't win
a tempi!}) (29. Kf3 g5 $1) 29... g5+ 30. Kg4 Kg6 $11) 29. Kf4 Kf6 30. h5) 28.
b4 b5 {28...h6 doesn't help here;} (28... h6 29. b5 g5 30. Kg4 Kg6 31. hxg5
hxg5 32. a3 Kh6 33. exd5 exd5 34. Kf5 $18) 29. Kf4 h6 (29... h5 30. g4 hxg4 31.
Kxg4 {and white king gets in;}) 30. Kg4 (30. Kg4 {Black is in zugzwang and
resigned. I still don't want to accept that Garry will not play in big
tourneys like this one nor in matches for the World Championship title. I grew
up as a chessplayer learning from Kasparov's games. He is my favourite chess
player, and a chess writer (and probably yours too!). I hope he will
reconsider and will come back to Big Chess.... Chess needs you, Garry, and we,
chess fans, don't accept your withdrawal.} Kf7 31. h5 $1 gxh5+ (31... g5 32.
exd5 exd5 33. Kf5 {[%cal Gf5e5]}) (31... Kf6 32. hxg6 Kxg6 33. Kf4 Kf6 34. g4
a6 35. a3 Kg6 36. Ke5 Kg5 37. Kxe6 $18 Kxg4 38. exd5 {and white pawn is faster.
}) 32. Kxh5 Kg7 33. g4 Kh7 34. g5 hxg5 35. Kxg5 Kg7 36. e5 $1 {final zugzwang;}
) 1-0